00230nam a2200097Ia 4500008004100000100001200041245003300053260002200086942000700108999001700115190216s9999||||xx |||||||||||||| ||und|| aTyler F 0aLaboratory Manual Of Physics bEdward Arnold Ltd cBK c32673d32673